000 00548nam a2200193Ia 4500
005 20250326142303.0
008 250326s9999 xx 000 0 und d
020 _a0-07-451754-6
037 _aTextbook
040 _aFMSL
_beng
_cFMSL
041 _aeng
_2eng
084 _aX:8E M8;12
_qFMSL
100 _aSharma S
_9124666
245 0 _aManagement control systems: text and cases
_cSharma S
260 _aNew Delhi
_bNew Delhi, Tata Mc-Graw Hill
_c1988
300 _a380p
942 _cTB
_hX:8E M8;12
999 _c1294304
_d1294304